Estrategia Nacional de Conservación y Uso Sostenible de la Biodiversidad (Registro nro. 8434)
[ vista simple ]
| 000 -Cabecera | |
|---|---|
| Campo de control de longitud fija | 00541nam a22001937a 4500 |
| 005 - Fecha y hora de la última transacción | |
| Campo de control | 20250818141442.0 |
| 008 - Elementos de longitud fija--Información general | |
| Campo de control de longitud fija | 160928b2000 xxu||||| |||| 00| 0 spa d |
| 041 ## - Idioma | |
| Código de idioma | Español |
| 082 ## - Clasificación Decimal Dewey | |
| Número de clasificación | 333.95 E82es |
| 245 ## - Título propiamente dicho | |
| Título | Estrategia Nacional de Conservación y Uso Sostenible de la Biodiversidad |
| 260 ## - Pie de imprenta | |
| Lugar de publicación, distribución, etc. | Costa Rica |
| Nombre del editor, distribuidor, etc. | INBIO |
| Fecha de publicación, distribución, etc. | 2000 |
| 300 ## - Descripción física | |
| Extensión | 82 páginas |
| 490 ## - Serie | |
| Título de la Serie | Turismo |
| 650 ## - Materia general | |
| Temática (materia general) | CONSERVACION DE LOS RECURSOS NATURALES |
| 650 ## - Materia general | |
| Temática (materia general) | BIODIVERSIDAD |
| 650 ## - Materia general | |
| Temática (materia general) | DESARROLLO SOSTENIBLE |
| 650 ## - Materia general | |
| Temática (materia general) | COSTA RICA |
| 942 ## - Punto de acceso adicional KOHA | |
| Tipo de ítem KOHA | Libro |
| Fuente del sistema de clasificación o colocación | Dewey Decimal Classification |
| Signatura completa | Código de barras | Programa Académico | Tipo de ítem |
|---|---|---|---|
| 333.95 E82es | 7635 | Turismo | Libro |
| 333.95 E82es | 7636 | Turismo | Libro |
| 333.95 E82es | 21504 | Turismo | Libro |